| 000 | 01305nam0a22003131 4500 | ||
|---|---|---|---|
| 001 | rc\3059801 | ||
| 005 | 20250810063824.0 | ||
| 035 | _a(NLR Aleph) 007217606 | ||
| 090 |
_a7687471 _c7687471 |
||
| 100 | _a20111012d1945 u y0rusy50 ca | ||
| 101 | 0 | _arus | |
| 102 | _aRU | ||
| 105 | _aac b ||||| | ||
| 200 | 1 |
_aС.В. Рахманинов _eКаталог выставки _fГос. центр. музей муз. культуры |
|
| 210 |
_aМосква _aЛенинград _cИскусство _d1945 _eМосква _gтип. "Кр. печатник" |
||
| 215 |
_a67 с., 5 л. ил., портр. _cил., портр. _d17 см |
||
| 300 | _aНа 4-й с. указан составитель: О.П. Ламм | ||
| 300 | _aНа обл. загл.: С. Рахманинов | ||
| 600 | 1 |
_aРахманинов _bС.В. _gСергей Васильевич |
|
| 702 | 1 |
_aЛамм _bО.П. _4220 |
|
| 710 | 0 | 2 |
_a"С.В. Рахманинов", выставка _eМосква _f1945 |
| 712 | 0 | 2 |
_aЦентральный музей музыкальной культуры _cМосква _4570 |
| 801 | 0 |
_aRU _bNLR _gpsbo |
|
| 801 | 1 |
_aRU _bELAR _2rusmarc |
|
| 852 |
_aNLR _j641/Р-27 |
||
| 942 | _cBOOK | ||
| 945 | _aРоссийская национальная библиотека | ||
| 980 | _aNB | ||
| 980 | _aBV | ||